00333 a2200109 4500020001800000082001500018100002200033245006900055260004200124300002700166650003000193 a9788189473754 a333.91 JHA aJha,Kamlesh Kumar aEnvironmental and Water Resource Management /cKamlesh Kumar Jha aJaipur :cOxford Book cpmpany,b2009. a302p. :bill. :c25 cm aWater Resource Management